[Event "S Wales Winter, Major"]
[Site "Bridgend"]
[Date "2025.01.18"]
[Round "2"]
[Board "20"]
[White "Ramzan, Timur"]
[Black "Stannard, Mike"]
[Result "1-0"]
[WhiteElo "1624"]
[BlackElo "1526"]
[PlyCount "81"]
[GameId "2150679643402382"]
[EventDate "2025.01.17"]
[EventType "swiss"]
[EventRounds "5"]
[EventCountry "WLS"]

{[%evp 0,81,36,31,69,58,61,56,82,51,42,34,66,-11,28,20,20,7,9,9,61,37,23,20,22,26,44,5,76,-31,15,26,27,2,-3,-16,-16,-24,18,16,-2,4,-10,-58,-58,-56,-22,-49,-15,-20,0,0,2,6,15,14,50,17,38,16,7,-89,58,103,103,99,216,179,219,133,180,144,439,439,1056,235,1143,1365,2089,2248,29993,29994,29999,-29999]} 1. e4 c6 2. d4 d5 3. e5 c5 4. c3 Nc6 5. Nf3 Bg4 6. Be2 cxd4 7. Nxd4 Bxe2 8. Qxe2 Nxd4 9. cxd4 Qa5+ 10. Nd2 e6 11. O-O Ne7 12. Nf3 Nf5 13. Rd1 Be7 14. Bg5 h6 15. Bxe7 Nxe7 16. Rac1 O-O 17. a3 Rac8 18. Qd3 Rxc1 19. Rxc1 Rc8 20. Rxc8+ Nxc8 21. Qc3 Qxc3 22. bxc3 Nb6 23. Nd2 Kf8 24. Kf1 Ke7 25. Ke2 f6 26. f4 a5 27. Kd3 Kd7 28. g4 Kc6 29. Nb3 Nc4 {(=)} 30. Nc5 Nxa3 31. Nxe6 fxe5 32. dxe5 g6 33. f5 gxf5 34. gxf5 Nc4 35. Kd4 a4 36. f6 Nb6 37. Nc5 a3 38. f7 a2 39. f8=Q a1=Q 40. Qe8+ Kc7 41. Ne6# 1-0

[Event "S Wales Winter, Major"]
[Site "Bridgend"]
[Date "2025.01.18"]
[Round "2"]
[Board "21"]
[White "Hanczar, Mabon"]
[Black "Belochkin, David"]
[Result "0-1"]
[WhiteElo "1310"]
[BlackElo "1563"]
[PlyCount "30"]
[GameId "2150679643402383"]
[EventDate "2025.01.17"]
[EventType "swiss"]
[EventRounds "5"]
[EventCountry "WLS"]

{[%evp 0,30,20,33,9,-19,19,-25,-19,-11,-105,-89,-160,-121,-85,-144,-167,-185,-133,-131,-8,-232,-247,-243,-227,-394,-305,-400,-284,-389,-422,-29999,-29999]} 1. d4 d5 2. c4 c6 3. c5 b6 4. b4 a5 5. Bd2 axb4 6. Bxb4 Na6 7. Ba3 bxc5 8. dxc5 Nxc5 9. Bxc5 Qa5+ 10. Qd2 Qxc5 11. Nf3 Nf6 12. g3 Ne4 13. Qe3 Qb4+ 14. Nfd2 Qb2 15. f3 Qc1# 0-1

[Event "S Wales Winter, Major"]
[Site "Bridgend"]
[Date "2025.01.18"]
[Round "2"]
[Board "22"]
[White "Thompson, Chris"]
[Black "Zheng, Lucas"]
[Result "1/2-1/2"]
[WhiteElo "1563"]
[BlackElo "1506"]
[PlyCount "49"]
[GameId "2150679643402384"]
[EventDate "2025.01.17"]
[EventType "swiss"]
[EventRounds "5"]
[EventCountry "WLS"]

{[%evp 0,49,26,23,15,8,9,9,15,12,13,12,8,0,22,21,16,18,376,380,367,339,380,349,302,286,387,386,440,382,379,378,382,355,353,457,382,312,295,324,320,244,239,318,273,292,333,360,287,349,331,321]} 1. d4 Nf6 2. Bf4 e6 3. Nf3 b6 4. e3 Bb7 5. Bd3 Be7 6. Nbd2 d5 7. Ne5 O-O 8. h4 Nh5 9. Qxh5 g6 10. Qe2 Nd7 11. O-O-O c5 12. Bh6 Re8 13. Bb5 Bc8 14. Nxd7 Bxd7 15. Bxd7 Qxd7 16. Nf3 c4 17. h5 Qa4 18. c3 Qxa2 19. hxg6 fxg6 20. Nd2 a5 21. Kc2 Qa4+ 22. Kc1 Qa2 23. Kc2 Qa4+ 24. Kc1 Qa2 25. Kc2 1/2-1/2

[Event "S Wales Winter, Major"]
[Site "Bridgend"]
[Date "2025.01.18"]
[Round "3"]
[Board "1"]
[White "Di-Vetta, Andrew"]
[Black "Bull, Jack"]
[Result "0-1"]
[WhiteElo "1787"]
[BlackElo "1564"]
[PlyCount "63"]
[GameId "2150907465968215"]
[EventDate "2025.01.17"]
[EventType "swiss"]
[EventRounds "5"]
[EventCountry "WLS"]

1. e4 d5 2. exd5 Qxd5 3. Nc3 Qd8 4. d4 Nf6 5. Nf3 Bg4 6. Be2 Nc6 7. Be3 g6 8. h3 Bxf3 9. Bxf3 Bg7 10. O-O O-O 11. Qd2 h5 12. Rad1 Nb4 13. Bxb7 Rb8 14. Bf3 Nbd5 15. Nxd5 Nxd5 16. c3 Nxe3 17. fxe3 Qd6 18. e4 Rfd8 19. Qf2 Qa6 20. Bxh5 gxh5 21. Qxf7+ Kh8 22. Rf5 Rd6 23. Qxe7 Rbb6 24. Rxh5+ Rh6 25. Qe8+ Kh7 26. Rxh6+ Rxh6 27. Qf7 Rg6 28. Rd2 Rf6 29. Qxc7 Qf1+ 30. Kh2 Rf7 31. Qg3 Bh6 32. Qh4 0-1

[Event "S Wales Winter, Major"]
[Site "Bridgend"]
[Date "2025.01.18"]
[Round "3"]
[Board "2"]
[White "George, Naveen Daniel"]
[Black "Havard, Gwyn"]
[Result "0-1"]
[WhiteElo "1496"]
[BlackElo "1784"]
[PlyCount "40"]
[GameId "2150908511922787"]
[EventDate "2025.01.17"]
[EventType "swiss"]
[EventRounds "5"]
[EventCountry "WLS"]

1. e4 d5 2. exd5 Nf6 3. d4 Bg4 4. Nf3 Qxd5 5. Be2 e6 6. Nc3 Bb4 7. Bd2 Bxc3 8. Bxc3 Nc6 9. O-O O-O-O 10. b3 Ne4 11. Bb2 Qf5 12. h3 Bxh3 13. gxh3 Qxh3 14. Nh2 Rd5 15. Bg4 Rg5 16. Kh1 Qh4 17. Bc1 Rg6 18. Be3 f5 19. Bh5 f4 20. Bxg6 hxg6 0-1

[Event "S Wales Winter, Major"]
[Site "Bridgend"]
[Date "2025.01.18"]
[Round "3"]
[Board "3"]
[White "Burton, Henry"]
[Black "Browse, Joseph"]
[Result "0-1"]
[WhiteElo "1386"]
[BlackElo "1756"]
[PlyCount "74"]
[GameId "2150909098482289"]
[EventDate "2025.01.17"]
[EventType "swiss"]
[EventRounds "5"]
[EventCountry "WLS"]

1. d4 d5 2. c4 c6 3. Nc3 Nf6 4. Nf3 dxc4 5. e4 b5 6. b4 e6 7. a3 a5 8. Rb1 axb4 9. axb4 Bxb4 10. Rxb4 Qa5 11. Rb1 Qxc3+ 12. Bd2 Qa3 13. e5 Nd5 14. Be2 h6 15. O-O Qe7 16. Ra1 Rxa1 17. Qxa1 Nd7 18. Qa8 N7b6 19. Qxc6+ Bd7 20. Qb7 O-O 21. Ba5 Na4 22. Bd1 Nac3 23. Bc2 b4 24. Re1 b3 25. Be4 Nxe4 26. Rxe4 Qa3 27. Qxd7 Qxa5 28. h3 b2 29. Re1 Qxe1+ 30. Nxe1 b1=Q 31. Kf1 c3 32. Ke2 c2 33. Nxc2 Qxc2+ 34. Kf3 Qd3+ 35. Kg4 Qe4+ 36. Kh5 g6+ 37. Kxh6 Qh4# 0-1

[Event "S Wales Winter, Major"]
[Site "Bridgend"]
[Date "2025.03.18"]
[Round "3"]
[Board "6"]
[White "Richards, Benjamin James"]
[Black "Keable, stephen"]
[Result "1-0"]
[WhiteElo "1589"]
[BlackElo "1461"]
[PlyCount "57"]
[GameId "2150914837753165"]
[EventDate "2025.01.17"]
[EventType "swiss"]
[EventRounds "5"]
[EventCountry "WLS"]

1. Nf3 Nf6 2. g3 g6 3. Bg2 Bg7 4. d4 c6 5. O-O O-O 6. Nc3 d5 7. Re1 Ne4 8. Nxe4 dxe4 9. Ne5 Bxe5 10. dxe5 Qxd1 11. Rxd1 Bf5 12. e3 Nd7 13. e6 Bxe6 14. Bxe4 Nc5 15. Bg2 Rfd8 16. Bd2 Bf5 17. c4 e6 18. Bc3 Na4 19. Bf6 Rxd1+ 20. Rxd1 Nc5 21. f3 e5 22. Bxe5 Nd7 23. Bc3 b5 24. cxb5 cxb5 25. f4 Re8 26. Bc6 Re7 27. Bb4 Rxe3 28. Bxd7 Be4 29. Bxb5 1-0

[Event "S Wales Winter, Major"]
[Site "Bridgend"]
[Date "2025.01.18"]
[Round "3"]
[Board "7"]
[White "Smith, Andrew R"]
[Black "Heatman, Jordan"]
[Result "1-0"]
[WhiteElo "1779"]
[BlackElo "1812"]
[PlyCount "61"]
[GameId "2150915762413007"]
[EventDate "2025.01.17"]
[EventType "swiss"]
[EventRounds "5"]
[EventCountry "WLS"]

1. e4 c5 2. Nf3 Nc6 3. d4 cxd4 4. Nxd4 Nf6 5. Nc3 d6 6. Bc4 e6 7. Bb3 Bd7 8. O-O Be7 9. h3 O-O 10. Be3 Na5 11. Qd2 Rc8 12. Nf3 Rxc3 13. Qxc3 Nxe4 14. Qd3 f5 15. Nd2 d5 16. Nxe4 fxe4 17. Qc3 Nc6 18. Bd4 Nxd4 19. Qxd4 Bf6 20. Qxa7 Bxb2 21. Rad1 Bc8 22. Qe3 b5 23. f3 Qh4 24. fxe4 Rxf1+ 25. Rxf1 Qe7 26. exd5 Ba3 27. Qf4 Bd6 28. Qf3 Bb7 29. c4 Ba6 30. dxe6 bxc4 31. Qa8+ 1-0

[Event "S Wales Winter, Major"]
[Site "Bridgend"]
[Date "2025.01.18"]
[Round "3"]
[Board "8"]
[White "Williams, John A"]
[Black "Jones, Huw"]
[Result "1/2-1/2"]
[WhiteElo "1611"]
[BlackElo "1762"]
[PlyCount "58"]
[GameId "2150916747030004"]
[EventDate "2025.01.17"]
[EventType "swiss"]
[EventRounds "5"]
[EventCountry "WLS"]

1. d4 b6 2. c4 Bb7 3. Nf3 e6 4. g3 Bb4+ 5. Nc3 Nf6 6. a3 Bxc3+ 7. bxc3 O-O 8. Bg2 d6 9. O-O Nbd7 10. Nh4 Bxg2 11. Nxg2 d5 12. cxd5 exd5 13. Qd3 Re8 14. f3 c5 15. Bg5 c4 16. Qc2 h6 17. Bf4 Nf8 18. Rae1 Ng6 19. Bc1 Qd7 20. e4 dxe4 21. fxe4 Rac8 22. Bxh6 Qh3 23. Bc1 Qg4 24. Nf4 Nxf4 25. Rxf4 Qg6 26. Qg2 Nd5 27. Rf5 Qxf5 28. exf5 Rxe1+ 29. Kf2 Rce8 1/2-1/2

[Event "S Wales Winter, Major"]
[Site "Bridgend"]
[Date "2025.01.18"]
[Round "3"]
[Board "9"]
[White "Forsey, Tomas"]
[Black "Murthy, Arush"]
[Result "1-0"]
[WhiteElo "1727"]
[BlackElo "1577"]
[PlyCount "93"]
[GameId "2151725780250683"]
[EventDate "2025.01.17"]
[EventType "swiss"]
[EventRounds "5"]
[EventCountry "WLS"]

1. c4 e5 2. Nc3 Nf6 3. Nf3 e4 4. Ng5 d5 5. cxd5 Nxd5 6. Ngxe4 Nxc3 7. Nxc3 Nc6 8. g3 Bb4 9. Bg2 Bf5 10. d3 Bxc3+ 11. bxc3 O-O 12. O-O Qd7 13. Bf4 Rac8 14. Rb1 Rb8 15. Qa4 Bh3 16. Bxh3 Qxh3 17. Bxc7 Rbc8 18. Bf4 Ne7 19. Bd6 Rfe8 20. Rxb7 Nf5 21. Qd7 Qh5 22. e4 Nxd6 23. Qxd6 Rxc3 24. Rb8 Rcc8 25. Rxc8 Rxc8 26. Rb1 h6 27. Rb8 Rxb8 28. Qxb8+ Kh7 29. Qb3 Qf3 30. Qc2 Qf6 31. Qd2 Qe5 32. Kg2 Qe6 33. f3 f5 34. Qc2 Qe5 35. f4 Qd4 36. Qe2 fxe4 37. Qxe4+ Qxe4+ 38. dxe4 Kg6 39. Kf3 Kf6 40. Ke3 g5 41. Kd4 Ke6 42. Kc5 g4 43. Kc6 h5 44. Kb7 a5 45. Kb6 a4 46. Kb5 a3 47. Kb4 1-0

[Event "S Wales Winter, Major"]
[Site "Bridgend"]
[Date "2025.01.18"]
[Round "3"]
[Board "10"]
[White "Sharhorodsky, Yaroslav"]
[Black "Colcombe, Joshua"]
[Result "1-0"]
[WhiteElo "1723"]
[BlackElo "1570"]
[PlyCount "68"]
[GameId "2151034521555137"]
[EventDate "2025.01.17"]
[EventType "swiss"]
[EventRounds "5"]
[EventCountry "WLS"]

1. e4 d5 2. exd5 Qxd5 3. Nc3 Qa5 4. d4 Nf6 5. Nf3 Bf5 6. Bd3 Bxd3 7. Qxd3 e6 8. O-O Be7 9. Bf4 O-O 10. Nb5 c6 11. Nc7 Nbd7 12. Nxa8 Rxa8 13. Ne5 Nb6 14. c4 Rd8 15. a3 c5 16. b4 Qa6 17. b5 Qa4 18. Be3 Bd6 19. dxc5 Bc7 20. cxb6 axb6 21. Qc3 Qa8 22. Rfd1 Rxd1+ 23. Rxd1 h6 24. Nd7 Ng4 25. Nxb6 Bxh2+ 26. Kh1 Qb8 27. Nd7 Qc7 28. f3 Nxe3 29. Qxe3 Bg3 30. Qc5 Qf4 31. Qc8+ Kh7 32. Nf8+ Kg8 33. Nxe6+ Kh7 34. Nxf4 Bxf4 1-0

[Event "S Wales Winter, Major"]
[Site "Bridgend"]
[Date "2025.01.18"]
[Round "2"]
[Board "11"]
[White "Hurn, Robert Aj"]
[Black "Belochkin, David"]
[Result "0-1"]
[WhiteElo "1682"]
[BlackElo "1563"]
[PlyCount "58"]
[GameId "2151036769591502"]
[EventDate "2025.01.17"]
[EventType "swiss"]
[EventRounds "5"]
[EventCountry "WLS"]

1. d4 d5 2. c4 Nc6 3. Nf3 Bf5 4. a3 Nf6 5. cxd5 Qxd5 6. Nc3 Qd7 7. Bf4 Nd5 8. Bg3 O-O-O 9. e3 a6 10. Be2 f6 11. Rc1 e6 12. O-O Bd6 13. b4 g5 14. Qb3 Bxg3 15. hxg3 h5 16. Na4 h4 17. gxh4 gxh4 18. Nc5 Qg7 19. Rfd1 Rdg8 20. Ne1 Bh3 21. Bf1 Bxg2 22. Nxe6 Qg4 23. Rxc6 Bxf1+ 24. Kxf1 bxc6 25. Nc5 Nc3 26. Qxc3 Qxd1 27. Nxa6 Qa4 28. Qd3 Qb5 29. Nc5 h3 0-1

[Event "S Wales Winter, Major"]
[Site "Bridgend"]
[Date "2025.01.18"]
[Round "3"]
[Board "12"]
[White "Williams, Stephen"]
[Black "Hanczar, Csombor"]
[Result "0-1"]
[WhiteElo "1666"]
[BlackElo "1562"]
[PlyCount "76"]
[GameId "2151038108119372"]
[EventDate "2025.01.17"]
[EventType "swiss"]
[EventRounds "5"]
[EventCountry "WLS"]

{[%evp 0,76,11,21,32,117,28,20,-8,34,44,-3,43,4,14,-7,16,0,-9,-21,6,-17,0,-47,21,25,130,20,134,179,223,196,204,358,223,205,229,203,328,238,313,193,401,328,452,320,433,192,194,113,87,84,157,77,-60,78,89,96,18,-455,-452,-471,-484,-611,-531,-624,-558,-658,-692,-692,-728,-710,-728,-745,-738,-714,-770,-881,-907]} 1. e4 d6 2. Nc3 Nf6 3. f4 g6 4. Nf3 Bg7 5. Bc4 a6 6. d3 c5 7. O-O O-O 8. Qe1 Nc6 9. a3 b5 10. Ba2 e6 11. Qh4 Bb7 12. f5 d5 13. e5 Nd7 14. f6 Ncxe5 15. Nxe5 Bxf6 16. Rxf6 Qxf6 17. Qxf6 Nxf6 18. Bh6 Rfd8 19. Rf1 Nd7 20. Nxf7 Rdb8 21. Nd6 Ne5 22. Nxb7 Rxb7 23. h3 c4 24. d4 Nc6 25. Ne2 Rf7 26. Rxf7 Kxf7 27. c3 a5 28. Bb1 b4 29. Bd2 bxa3 30. bxa3 Rb8 31. Bc2 Rb2 32. Ba4 Ne7 33. Be1 Rxe2 34. Bg3 Ra2 35. Bd6 Nf5 36. Bc5 Ng3 37. Bd7 Ne2+ 38. Kh2 Nxc3 0-1

[Event "S Wales Winter, Major"]
[Site "Bridgend"]
[Date "2025.01.18"]
[Round "3"]
[Board "13"]
[White "Limesdale, Jacob"]
[Black "Moulson, Paul"]
[Result "1-0"]
[WhiteElo "1467"]
[BlackElo "1653"]
[PlyCount "45"]
[GameId "2151039397982552"]
[EventDate "2025.01.17"]
[EventType "swiss"]
[EventRounds "5"]
[EventCountry "WLS"]

1. d4 Nf6 2. Nc3 g6 3. Bf4 d6 4. e4 Bg7 5. Nf3 O-O 6. Qd2 Re8 7. h3 c5 8. d5 Qb6 9. Rb1 Nh5 10. Bh6 e6 11. Bxg7 Kxg7 12. Bd3 f5 13. O-O fxe4 14. Nxe4 exd5 15. Nc3 Nf6 16. Rfe1 Qd8 17. Rxe8 Qxe8 18. Re1 Qf8 19. Bb5 Ne4 20. Nxe4 dxe4 21. Rxe4 Bxh3 22. Qc3+ Qf6 23. Re7+ 1-0

[Event "S Wales Winter, Major"]
[Site "Bridgend"]
[Date "2025.01.18"]
[Round "3"]
[Board "14"]
[White "Peters, Chris"]
[Black "Morris, Adam"]
[Result "1-0"]
[WhiteElo "1653"]
[BlackElo "1346"]
[PlyCount "99"]
[GameId "2151040471744932"]
[EventDate "2025.01.17"]
[EventType "swiss"]
[EventRounds "5"]
[EventCountry "WLS"]

{[%evp 0,56,11,22,-5,14,25,12,5,2,-1,-16,34,31,38,39,21,15,21,31,14,-14,-19,-18,19,40,57,51,8,5,19,0,19,53,48,62,-64,68,-53,77,80,-1,192,174,-78,83,42,119,57,195,321,346,357,216,228,342,195,303,288]} 1. e4 e5 2. Nf3 Nc6 3. Bb5 a6 4. Bxc6 dxc6 5. d4 f6 6. O-O Bg4 7. dxe5 Qxd1 8. Rxd1 Bxf3 9. gxf3 fxe5 10. Nc3 Bd6 11. f4 exf4 12. e5 Bc5 13. Bxf4 Ne7 14. Ne4 Bb6 15. c4 O-O 16. Bg3 c5 17. Rd7 Nf5 18. Rad1 Rae8 19. f4 Nd4 20. Kg2 Rd8 21. Rxd8 Rxd8 22. f5 c6 23. f6 Bc7 24. Nxc5 Nf5 25. Rxd8+ Bxd8 26. fxg7 Ne3+ 27. Kf3 Nxc4 28. b3 Na5 29. Ke4 Be7 30. Ne6 c5 31. Kd5 b6 32. Bf4 Nb7 33. Bh6 Nd8 34. Nxd8 Bxd8 35. Kd6 Bh4 36. e6 c4 37. bxc4 b5 38. cxb5 axb5 39. e7 Bxe7+ 40. Kxe7 b4 41. Kd6 b3 42. axb3 Kf7 43. b4 Kg8 44. b5 Kf7 45. b6 Kf6 46. b7 Kf5 47. b8=Q Kf6 48. Qf8+ Kg6 49. g8=Q+ Kh5 50. Qg5# 1-0

[Event "S Wales Winter, Major"]
[Site "Bridgend"]
[Date "2025.01.18"]
[Round "3"]
[Board "16"]
[White "Thompson, Chris"]
[Black "Chaure-Larsen, Daniel"]
[Result "1/2-1/2"]
[WhiteElo "1563"]
[BlackElo "1430"]
[PlyCount "40"]
[GameId "2151042349773312"]
[EventDate "2025.01.17"]
[EventType "swiss"]
[EventRounds "5"]
[EventCountry "WLS"]

1. d4 Nf6 2. Bf4 b6 3. Nf3 Bb7 4. e3 d6 5. Bd3 g6 6. Nbd2 Bg7 7. Qe2 O-O 8. h4 Nbd7 9. h5 Nxh5 10. Bg5 f5 11. e4 f4 12. O-O-O Bf6 13. Rxh5 gxh5 14. Rh1 Rf7 15. Rxh5 Rg7 16. b3 Qe8 17. Bxf6 Nxf6 18. Rh2 e5 19. dxe5 dxe5 20. Nc4 Re7 1/2-1/2

[Event "S Wales Winter, Major"]
[Site "Bridgend"]
[Date "2025.01.18"]
[Round "3"]
[Board "17"]
[White "Blankley, Toby"]
[Black "Zhuravlev, Andrei"]
[Result "0-1"]
[WhiteElo "1456"]
[BlackElo "1548"]
[PlyCount "68"]
[GameId "2151043048116749"]
[EventDate "2025.01.17"]
[EventType "swiss"]
[EventRounds "5"]
[EventCountry "WLS"]

1. d4 d5 2. Nf3 Nc6 3. Bf4 Bf5 4. e3 Nf6 5. Bd3 Bg6 6. Nbd2 e6 7. O-O Bd6 8. Bg3 O-O 9. Qe2 Nb4 10. Rfc1 Qd7 11. a3 Nxd3 12. cxd3 Qb5 13. e4 dxe4 14. Nxe4 Nxe4 15. dxe4 Qxe2 16. e5 Be7 17. Rxc7 Qxb2 18. Rac1 Bxa3 19. R7c2 Bxc2 20. Re1 Rac8 21. h3 Bf5 22. Kh2 b5 23. Rd1 b4 24. Bf4 b3 25. Be3 Qa2 26. Nd2 b2 27. g4 b1=Q 28. Nxb1 Bxb1 29. h4 Rc2 30. Rf1 Rb2 31. h5 Qd5 32. g5 Qf3 33. Kg1 Be4 34. g6 Qg2# 0-1

[Event "S Wales Winter, Major"]
[Site "Bridgend"]
[Date "2025.01.18"]
[Round "3"]
[Board "18"]
[White "Phillips, Antony"]
[Black "Richards, James"]
[Result "0-1"]
[WhiteElo "1310"]
[BlackElo "1517"]
[PlyCount "44"]
[GameId "2151044359430684"]
[EventDate "2025.01.17"]
[EventType "swiss"]
[EventRounds "5"]
[EventCountry "WLS"]

1. e4 d6 2. Nf3 Nf6 3. Nc3 g6 4. d4 Bg7 5. Bd3 O-O 6. Be3 Bg4 7. h3 Bxf3 8. Qxf3 Nc6 9. O-O-O Nd7 10. Kb1 Nxd4 11. Qg3 c6 12. Bg5 Ne6 13. Qh4 Nxg5 14. Qxg5 Bxc3 15. bxc3 Qb6+ 16. Kc1 f6 17. Qg3 Qa5 18. Bc4+ Kg7 19. f4 b5 20. Be6 Nc5 21. f5 Qa3+ 22. Kb1 Nxe4 0-1

[Event "S Wales Winter, Major"]
[Site "Bridgend"]
[Date "2025.01.18"]
[Round "3"]
[Board "19"]
[White "Holland, Wayne"]
[Black "Larg, Richard"]
[Result "1/2-1/2"]
[WhiteElo "1513"]
[BlackElo "1712"]
[PlyCount "73"]
[GameId "2151045127889451"]
[EventDate "2025.01.17"]
[EventType "swiss"]
[EventRounds "5"]
[EventCountry "WLS"]

1. e4 e5 2. Nf3 Nc6 3. Bc4 d6 4. Nc3 Nf6 5. O-O Bg4 6. h3 Bxf3 7. Qxf3 Na5 8. d3 Nxc4 9. dxc4 Be7 10. Bg5 h6 11. Be3 O-O 12. Nd5 Nxd5 13. cxd5 Bg5 14. Qg4 Qc8 15. Qg3 Qd8 16. f4 Bxf4 17. Bxf4 exf4 18. Rxf4 Qe7 19. Raf1 Qe5 20. c3 Rae8 21. Qe3 b6 22. Rg4 f5 23. Rgf4 fxe4 24. Rxf8+ Rxf8 25. Rxf8+ Kxf8 26. Qd4 Qf4 27. Qf2 g5 28. g3 e3 29. gxf4 exf2+ 30. Kxf2 gxf4 31. Kf3 Kf7 32. Kxf4 Kf6 33. h4 h5 34. c4 a5 35. a4 Kg6 36. Ke4 Kf6 {(=)} 37. Kf4 1/2-1/2

[Event "S Wales Winter, Major"]
[Site "Bridgend"]
[Date "2025.01.18"]
[Round "3"]
[Board "20"]
[White "Edwards, Jonathan Simon"]
[Black "Williams, James L"]
[Result "0-1"]
[WhiteElo "1466"]
[BlackElo "1655"]
[PlyCount "120"]
[GameId "2151046345507458"]
[EventDate "2025.01.17"]
[EventType "swiss"]
[EventRounds "5"]
[EventCountry "WLS"]

1. e4 d6 2. d4 g6 3. Nf3 Nf6 4. Nc3 Bg7 5. e5 dxe5 6. dxe5 Qxd1+ 7. Nxd1 Ng4 8. h3 Nxe5 9. Bf4 Nbd7 10. Be2 O-O 11. O-O c5 12. Re1 Nxf3+ 13. Bxf3 e5 14. Bg3 Re8 15. Bd5 Kf8 16. Re3 Rb8 17. Rf3 f5 18. Be4 Nf6 19. Nc3 fxe4 20. Nxe4 Kf7 21. Nd6+ Ke7 22. Nxe8 Kxe8 23. Bxe5 Ra8 24. Bxf6 Bf8 25. Re1+ Kd7 26. Rd3+ Kc6 27. a3 Bf5 28. Rc3 Kb5 29. g4 Bd7 30. Ree3 Rc8 31. Rb3+ Kc6 32. Rbc3 b6 33. b4 Kb7 34. bxc5 Bxc5 35. Red3 Bb5 36. Rf3 Bd7 37. Be5 Be6 38. Rf6 Bd5 39. Rd3 Bc6 40. Rf7+ Ka6 41. Rxh7 Re8 42. Bc3 Re2 43. Rf7 Rxc2 44. Be1 Rc1 45. a4 Rxe1+ 46. Kh2 Re2 47. Rf6 Bb7 48. a5 Bxf2 49. axb6 Bd4+ 50. Kg3 Bxf6 51. bxa7 Kxa7 52. Rd6 Be5+ 53. Kh4 Bxd6 54. Kg5 Be4 55. h4 Be7+ 56. Kh6 Bxh4 57. g5 Rg2 58. Kg7 Rxg5 59. Kf6 Ra5+ 60. Kg7 g5 0-1

[Event "S Wales Winter, Major"]
[Site "Bridgend"]
[Date "2025.01.18"]
[Round "3"]
[Board "21"]
[White "Stannard, Mike"]
[Black "Hill, Glyn"]
[Result "1/2-1/2"]
[WhiteElo "1526"]
[BlackElo "1431"]
[PlyCount "118"]
[GameId "2151048280162994"]
[EventDate "2025.01.17"]
[EventType "swiss"]
[EventRounds "5"]
[EventCountry "WLS"]

{[%evp 0,74,11,35,9,1,26,-9,0,-1,-5,9,9,17,-2,23,-4,0,-3,13,26,-10,23,-11,-30,-42,12,-36,-7,-17,-14,-34,32,13,286,86,361,125,389,305,387,387,391,279,346,282,253,241,212,186,362,270,284,274,583,537,616,624,612,571,707,350,589,560,394,556,634,645,465,662,479,498,371,334,96,343,675]} 1. d4 d5 2. Nc3 Nf6 3. Bf4 c6 4. e3 Qb6 5. a3 Bf5 6. Na4 Qa5+ 7. c3 Nbd7 8. b4 Qd8 9. Bd3 Bxd3 10. Qxd3 Nh5 11. Ne2 Nxf4 12. Nxf4 b5 13. Nb2 e6 14. O-O Bd6 15. Qe2 Qg5 16. Nbd3 O-O-O 17. a4 Kb7 18. axb5 Ra8 19. bxc6+ Kxc6 20. Ra6+ Nb6 21. b5+ Kd7 22. Rfa1 Rhc8 23. Rxa7+ Rxa7 24. Rxa7+ Rc7 25. Rxc7+ Kxc7 26. Qa2 Qd8 27. Qa7+ Kc8 28. Qxf7 Qe7 29. Qxe6+ Qd7 30. Qxd7+ Kxd7 31. Nh5 Bf8 32. f3 Kc7 33. Ndf4 Kd6 34. e4 g5 35. Nd3 Na4 36. exd5 Nxc3 37. b6 Ne2+ 38. Kf2 Nxd4 39. Nf6 h6 40. b7 Kc7 41. b8=Q+ Kxb8 42. Nd7+ Kc7 43. Nxf8 Kd6 44. Ng6 Kxd5 45. h4 Ne6 46. hxg5 hxg5 47. Ke3 Kd6 48. Ke4 Ng7 49. Nde5 Ke6 50. f4 gxf4 51. Nxf4+ Kf6 52. g4 Kg5 53. Kf3 Ne8 54. Nd5 Nd6 55. Ne3 Ne8 56. Nf7+ Kf6 57. Nh6 Kg5 58. Ng8 Nd6 59. Nd1 Nf7 1/2-1/2

[Event "S Wales Winter, Major"]
[Site "Bridgend"]
[Date "2025.01.19"]
[Round "4"]
[Board "1"]
[White "Browse, Joseph"]
[Black "Jones, Steve"]
[Result "1-0"]
[WhiteElo "1756"]
[BlackElo "1791"]
[PlyCount "89"]
[GameId "2151725780275272"]
[EventDate "2025.01.17"]
[EventType "swiss"]
[EventRounds "5"]
[EventCountry "WLS"]

1. e4 c5 2. Nf3 d6 3. Bb5+ Nd7 4. c3 Qb6 5. Qe2 e5 6. Bc4 Be7 7. O-O Qd8 8. d4 a6 9. a4 Bf6 10. Be3 h6 11. Rd1 Qc7 12. Bb3 Ne7 13. Nbd2 O-O 14. Nc4 d5 15. exd5 Nxd5 16. dxe5 Nxe3 17. Qxe3 Re8 18. Nd6 Re7 19. Bxf7+ Kh8 20. e6 Nf8 21. Ne8 Rxe8 22. Bxe8 Bxe6 23. Bh5 Rd8 24. Rxd8 Bxd8 25. Ne5 Bg5 26. Qe4 Qc8 27. Nf7+ Bxf7 28. Bxf7 Qc7 29. Bg6 Qd6 30. Bh5 Qb6 31. Qe8 Qf6 32. Rd1 Kh7 33. Bf7 Qe7 34. Qxe7 Bxe7 35. Re1 Bd6 36. Re8 b5 37. Ra8 bxa4 38. Rxa6 Be5 39. Rxa4 Nd7 40. Ra6 g5 41. Rc6 Bb8 42. Be8 Ne5 43. Rxc5 Nd3 44. Rb5 Ba7 45. Rb7+ 1-0

[Event "S Wales Winter, Major"]
[Site "Bridgend"]
[Date "2025.01.19"]
[Round "4"]
[Board "2"]
[White "Havard, Gwyn"]
[Black "Bull, Jack"]
[Result "1-0"]
[WhiteElo "1784"]
[BlackElo "1564"]
[PlyCount "69"]
[GameId "2151273154896067"]
[EventDate "2025.01.17"]
[EventType "swiss"]
[EventRounds "5"]
[EventCountry "WLS"]

1. e4 d5 2. exd5 Qxd5 3. Nc3 Qd8 4. d4 Nf6 5. Nf3 Bg4 6. h3 Bxf3 7. Qxf3 Nc6 8. Bb5 Qd6 9. d5 a6 10. dxc6 axb5 11. cxb7 Rb8 12. Be3 c6 13. Rd1 Qc7 14. O-O Rxb7 15. Bc5 e5 16. Bxf8 Rxf8 17. Rfe1 Nd7 18. Ne4 Ra7 19. Nd6+ Kd8 20. Qb3 f6 21. Qe6 Ra6 22. Nxb5 cxb5 23. Qxa6 Qxc2 24. Qxb5 Qc7 25. Rd3 Ke7 26. Rc3 Qd6 27. Qd3 Qb6 28. Rd1 Rd8 29. b3 g6 30. Qd5 Qa7 31. Rc6 Qxa2 32. Qe6+ Kf8 33. Rxd7 Qb1+ 34. Kh2 Rxd7 35. Qxd7 1-0

[Event "S Wales Winter, Major"]
[Site "Bridgend"]
[Date "2025.01.19"]
[Round "4"]
[Board "3"]
[White "Powell-Jones, Liam"]
[Black "Smith, Andrew R"]
[Result "1-0"]
[WhiteElo "1681"]
[BlackElo "1779"]
[PlyCount "91"]
[GameId "2151274134831317"]
[EventDate "2025.01.17"]
[EventType "swiss"]
[EventRounds "5"]
[EventCountry "WLS"]

1. e4 e5 2. Nf3 Nc6 3. Bc4 Bc5 4. d3 Nf6 5. O-O d6 6. h3 h6 7. c3 a6 8. Be3 Ba7 9. Nbd2 O-O 10. a4 Ne7 11. d4 exd4 12. cxd4 Ng6 13. Qc2 Ne7 14. Rac1 c6 15. Ba2 Re8 16. Bb1 Ng6 17. Rfd1 Qe7 18. e5 dxe5 19. dxe5 Bxe3 20. exf6 Bxf2+ 21. Kxf2 Qe3+ 22. Kf1 Qe2+ 23. Kg1 Qe3+ 24. Kh1 Qf2 25. Rf1 Qg3 26. Ne4 Qc7 27. Nf2 Qg3 28. Rce1 Be6 29. Ne4 Qc7 30. Nc5 Bd5 31. fxg7 Qg3 32. Qf2 Qxf2 33. Rxf2 Bxf3 34. Rxe8+ Rxe8 35. Bxg6 fxg6 36. Rxf3 Re1+ 37. Kh2 Re2 38. Rd3 b5 39. axb5 cxb5 40. Rd7 a5 41. Kg3 h5 42. Kf3 Re5 43. Nd3 Rf5+ 44. Ke4 Rg5 45. Nf4 a4 46. Ne6 1-0